header

Nurse-facilitated discharge from hospital (Record no. 229380)

MARC details
000 -LEADER
fixed length control field 01321nam a2200313 a 4500
245 00 - TITLE STATEMENT
Title Nurse-facilitated discharge from hospital
260 ## - PUBLICATION, DISTRIBUTION, ETC. (IMPRINT)
Place of publication Keswick [England] :
Name of publisher M&K Update,
Year of publication 2007, c2006.
300 ## - PHYSICAL DESCRIPTION
Number of Pages xii, 245 p.
505 0# - FORMATTED CONTENTS NOTE
Formatted contents note section 1. Background and theory -- section 2. Clinical practice considerations -- section 3. Case studies.
650 #0 - SUBJECT ADDED ENTRY--TOPICAL TERM
Topical Term Hospitals
Topical Term Nursing
700 1# - ADDED ENTRY--PERSONAL NAME
Personal name Lees, Liz.
856 40 - ELECTRONIC LOCATION AND ACCESS
Uniform Resource Identifier http://site.ebrary.com/lib/rucke/Doc?id=10459613

No items available.

© 2026 Rongo University
Contact us: librarian | system librarian | Rongo university